Переходные процессы в электрических системах: учебное пособие

書誌詳細
第一著者: Куликов Ю. А. Юрий Алексеевич
要約:Рассмотрены физические основы протекания электромагнитных и электромеханических переходных процессов в электрических системах. Приведены методы анализа токов короткого замыкания и устойчивости электрических систем, которые проиллюстрированы примерами расчета. Учебное пособие соответствует требованиям Государственного образовательного стандарта высшего профессионального образования по направлению подготовки «Электроэнергетика»: 551700 - для бакалавров и 650900 - для дипломированных специалистов, обучающихся по специальностям 100100 - «Электрические станции», 100200 - «Электроэнергетические системы и сети», 100400 - «Электроснабжение», 210400 - «Релейная защита и автоматизация электроэнергетических систем».
言語:ロシア語
出版事項: Новосибирск, Изд-во НГТУ, 2006
版:2-е изд., испр. и доп.
シリーズ:Учебники НГТУ
Федеральная программа книгоиздания России
主題:
フォーマット: 図書
KOHA link:https://koha.lib.tpu.ru/cgi-bin/koha/opac-detail.pl?biblionumber=113541

MARC

LEADER 00000nam0a2200000 4500
001 113541
005 20231101215131.0
010 |a 5778207239 
035 |a (RuTPU)RU\TPU\book\122800 
035 |a RU\TPU\book\43962 
090 |a 113541 
100 |a 20070412d2006 m y0rusy50 ca 
101 0 |a rus 
102 |a RU 
105 |a a j 001zy 
200 1 |a Переходные процессы в электрических системах  |e учебное пособие  |f Ю. А. Куликов 
205 |a 2-е изд., испр. и доп. 
210 |a Новосибирск  |c Изд-во НГТУ  |d 2006 
215 |a 283 с.  |c ил. 
225 1 |a Учебники НГТУ 
225 1 |a Федеральная программа книгоиздания России 
320 |a Библиогр.: с. 265-266. 
330 |a Рассмотрены физические основы протекания электромагнитных и электромеханических переходных процессов в электрических системах. Приведены методы анализа токов короткого замыкания и устойчивости электрических систем, которые проиллюстрированы примерами расчета. Учебное пособие соответствует требованиям Государственного образовательного стандарта высшего профессионального образования по направлению подготовки «Электроэнергетика»: 551700 - для бакалавров и 650900 - для дипломированных специалистов, обучающихся по специальностям 100100 - «Электрические станции», 100200 - «Электроэнергетические системы и сети», 100400 - «Электроснабжение», 210400 - «Релейная защита и автоматизация электроэнергетических систем». 
451 1 |0 (RuTPU)RU\TPU\book\60627  |y 5-7782-0324-1  |t Переходные процессы в электрических системах  |o учебное пособие  |f Ю. А. Куликов  |g Новосибирский государственный технический университет  |c Новосибирск  |n Изд-во НГТУ  |c М.  |n Мир  |n АСТ  |d 2003  |p 283 с.  |a Куликов, Юрий Алексеевич 
451 |y 5-03-003503-6 
451 |y 5-17-018761-0 
606 1 |a Электрические системы  |x Переходные процессы  |2 stltpush  |3 (RuTPU)RU\TPU\subj\27580  |9 51309 
610 1 |a электроэнергетика 
610 1 |a короткое замыкание 
610 1 |a статистическая устойчивость 
610 1 |a динамическая устойчивость 
610 1 |a асинхронные режимы 
610 1 |a параметры 
610 1 |a улучшение 
610 1 |a учебные пособия 
675 |a 621.311.018(075.8)  |v 3 
700 1 |a Куликов  |b Ю. А.  |g Юрий Алексеевич 
801 1 |a RU  |b 63413507  |c 20020912  |g PSBO 
801 2 |a RU  |b 63413507  |c 20210601  |g PSBO 
900 |a Переходные процессы в электроэнергетических системах 
900 |a Переходные процессы в электросистемах 
900 |a Переходные процессы в системе электроснабжения 
900 |a Переходные процессы в системах электроснабжения 
900 |a Электромагнитные переходные процессы в электрических системах 
900 |a Энергетические расчетно-исследовательские комплексы 
900 |a Математическое моделирование в электроэнергетике 
942 |c BK 
955 |b 140200  |b 140204  |b 140205  |b 140203 
959 |a 36/20070502  |d 30  |e 0  |f УФ:30